TV Siblings - Part 2 - Statistics

General Stats
  • This quiz has been taken 515 times
  • The average score is 6 of 20
Answer Stats
Hint Answer % Correct
Pugsley & Wednesday The Addams Family
82%
Raven & Cory That's So Raven
77%
Earl & Randy My Name Is Earl
65%
Zack & Cody The Suite Life Of Zack & Cody OR The Suite Life On Deck
63%
Lizzie & Matt Lizzie McGuire
52%
Brad, Randy, & Mark Home Improvement
47%
Zoey & Dustin Zoey 101
47%
Alex, Mallory, Jen, & Andy Family Ties
41%
Wally & Theodore Leave It To Beaver
37%
Gob, Michael, Lindsay, & Buster Arrested Development
30%
Mary, Laura, Carrie, Albert, & Grace Little House On The Prairie
24%
Kat & Bianca 10 Things I Hate About You
17%
Sarah, Kitty, Tommy, Kevin, & Justin Brothers & Sisters
14%
Lennox & Ryder Melissa & Joey
14%
Simon & River Firefly
10%
Lisa & Jamie Mad About You
8%
Val & Holly What I Like About You
8%
Nathan & Peter Heroes
7%
Amy, Ashley, & Robert The Secret Life Of The American Teenager
4%
Zach & Grace The Good Wife
3%
No matching quizzes found
Score Distribution
Percent of People with Each Score
Percentile by Number Answered
Your Score History
You have not taken this quiz